000 01866cam a22004697a 4500
003 CHAP
005 20220329142117.0
008 990706d1998 mx ab r 00110 spa d
010 _a78582
011 _a79554
035 _a89817
040 _cCHAP
082 0 4 _a633
_bI52 1998 v.8
110 2 _aInstituto de Investigación y Capacitación Agropecuaria, Acuícola y Forestal del Estado de México
_959157
245 1 0 _aPaquetes tecnológicos :
_bdelegacion regional VIII Jilotepec
_c/por Instituto de Investigación y Capacitación Agropecuaria, Acuícola y Forestal del Estado de México
250 _aed. rev.
260 _a(Toluca, Méx.) :
_bInstituto de Investigación y Capacitación Agropecuaria, y Forestal del Estado de México,
_c1998.
300 _a21 h. :
_bilus. ; mapa
590 _aBATCH-UPD
_b10
_c20130110
_lUCH01
_h0755
590 _aBATCH-UPD
_b10
_c20130410
_lUCH01
_h0434
590 _aBATCH-UPD
_b10
_c20130914
_lUCH01
_h0434
590 _aBATCH-UPD
_b10
_c20130914
_lUCH01
_h2054
590 _aCONVERSION
_b10
_c20130109
_lUCH01
_h1344
650 1 4 _aAvena como forraje.
_98556
650 1 4 _aAvena
_zMéxico (Edo.).
_98554
650 1 4 _aCebada
_zMéxico (Edo.).
_920720
650 1 4 _aCultivos
_xEnfermedades.
_930262
650 1 4 _aCultivos
_xPlagas.
_930305
650 1 4 _aCultivos
_zMéxico (Edo.).
_930364
650 1 4 _aFrijol
_zMéxico (Edo.).
_943456
650 1 4 _aMaíz como forraje.
_971109
650 1 4 _aMaíz
_zMéxico (Edo.).
_971099
650 1 4 _aPesticidas.
_987536
650 1 4 _aQuinoa
_zMéxico (Edo.).
_993350
650 1 4 _aTrigo
_zMéxico (Edo.).
_9115131
650 1 4 _aTriticale
_zMéxico (Edo.).
_9115232
901 _aBK
905 _aGuadalupe Pinto C.
942 _cLIBRO
949 _a633 I52 1998 v.8
_bBC
_cC
_d33724000735338
_eC
_fc.2
_h95961
_i89817
_sb
949 _a633 I52 1998 v.8
_bBC
_cC
_d33724000735353
_eC
_h95960
_i89817
_sb
999 _c78582
_d78582